Alexa For Dummies / (Record no. 36066)
[ view plain ]
| 000 -LEADER | |
|---|---|
| fixed length control field | 00446nam a22001697a 4500 |
| 005 - DATE AND TIME OF LATEST TRANSACTION | |
| control field | 20240707120253.0 |
| 008 - FIXED-LENGTH DATA ELEMENTS--GENERAL INFORMATION | |
| fixed length control field | 240707b |||||||| |||| 00| 0 eng d |
| 020 ## - INTERNATIONAL STANDARD BOOK NUMBER | |
| ISBN | 9781119565864 |
| 082 ## - DEWEY DECIMAL CLASSIFICATION NUMBER | |
| Classification number | 006.86 |
| Item number | FED-A |
| 100 ## - MAIN ENTRY--AUTHOR | |
| Author Name | Mcfdries, Paul |
| 245 ## - TITLE STATEMENT | |
| Title | Alexa For Dummies / |
| Statement of responsibility, etc. | Paul Mcfedries |
| 260 ## - PUBLICATION, DISTRIBUTION, ETC. | |
| Place of Publication | india: |
| Name of publisher, distributor, etc. | Pearson; |
| Date of publication, distribution, etc. | 2019. |
| 300 ## - PHYSICAL DESCRIPTION | |
| Pages | xxxi, 280 p. : |
| 500 ## - GENERAL NOTE | |
| General note | include index. |
| 650 ## - SUBJECT ADDED ENTRY--TOPICAL TERM | |
| Subject / Department | Networking |
| 300 ## - PHYSICAL DESCRIPTION | |
| -- | ill; |
| -- | 23 cm. |
| 952 ## - LOCATION AND ITEM INFORMATION (KOHA) | |
| -- | 0 |
| -- | 0 |
| Lost status | Damaged status | Collection code | Permanent Location | Current Location | Shelving Location | Date acquired | Full Call Number | Accession No./Barcode | Date last seen | item type | Koha item type |
|---|---|---|---|---|---|---|---|---|---|---|---|
| CS/IT | Superior Information Resource Center (SIRC) Superior University- Gold Campus | Superior Information Resource Center (SIRC) Superior University- Gold Campus | Networking | 07/07/2024 | 006.86 FED-A 2019 | 19588 | 07/07/2024 | BOOK | BOOK |
